[Event "Hull CC-ch C"]
[Site "Gatineau CAN"]
[Date "2007.04.03"]
[Round "4"]
[White "Lacourse, Guy"]
[Black "Levesque, Andre"]
[Result "1-0"]
[WhiteElo "1618"]
[BlackElo "1400"]
[PlyCount "101"]
[GameId "2160767910710009"]
[EventDate "2007.03.13"]
[EventType "swiss"]
[EventRounds "5"]
[EventCountry "CAN"]
[SourceTitle "EXT 2022"]
[Source "ChessBase"]
[SourceDate "2021.10.06"]
[SourceVersion "1"]
[SourceVersionDate "2021.10.06"]
[SourceQuality "1"]

1. Nf3 f5 2. d4 Nf6 3. c4 d6 4. Nc3 e6 5. Bg5 Be7 6. Bxf6 Bxf6 7. e4 O-O 8. exf5 exf5 9. Qd2 c6 10. Bd3 Na6 11. O-O-O Rb8 12. h4 Nb4 13. Bb1 a5 14. a3 Na6 15. Ba2 Nc7 16. c5+ d5 17. Rde1 b5 18. b4 axb4 19. axb4 Na6 20. Ne2 Ra8 21. Bb3 Bd7 22. Nf4 Nc7 23. Kb2 Qc8 24. g3 Qb7 25. Ra1 Na6 26. Rhe1 Nc7 27. Nh5 Bd8 28. Ne5 Be8 29. Rxa8 Qxa8 30. Nf4 Bf6 31. Ra1 Qc8 32. Nfd3 Ne6 33. Qe3 Bg6 34. f4 Re8 35. Ne1 Bh5 36. N1d3 Bg4 37. Kc3 Bf3 38. Qxf3 Nd8 39. Qg2 Ne6 40. Qa2 g6 41. Qa7 Re7 42. Qa8 Re8 43. Qxc8 Rxc8 44. Ra7 Bg7 45. Ra6 Nd8 46. Nxc6 Kf8 47. Bxd5 Nxc6 48. Bxc6 Rd8 49. Ne5 Ke7 50. Ra7+ Kf8 51. d5 1-0

[Event "Hull CC-ch C"]
[Site "Gatineau CAN"]
[Date "2007.04.03"]
[Round "4"]
[White "Laurin, Jacques"]
[Black "Dallaire, Dominic"]
[Result "0-1"]
[WhiteElo "1799"]
[BlackElo "1873"]
[PlyCount "78"]
[GameId "2160767910710010"]
[EventDate "2007.03.13"]
[EventType "swiss"]
[EventRounds "5"]
[EventCountry "CAN"]
[SourceTitle "EXT 2022"]
[Source "ChessBase"]
[SourceDate "2021.10.06"]
[SourceVersion "1"]
[SourceVersionDate "2021.10.06"]
[SourceQuality "1"]

1. c4 Nf6 2. Nc3 g6 3. Nf3 Bg7 4. e4 d6 5. d4 O-O 6. Be2 c5 7. Bg5 cxd4 8. Nxd4 Nbd7 9. O-O b6 10. Nc6 Qe8 11. Nb5 Nc5 12. Ncxa7 Ne6 13. Be3 Bb7 14. f3 Nd7 15. a4 Bxb2 16. Ra2 Bg7 17. a5 bxa5 18. Rxa5 h5 19. Qd2 Ndc5 20. Rb1 Qd8 21. Qa2 Qd7 22. Qd2 Rfb8 23. Nc3 Bc6 24. Rxb8+ Rxb8 25. Nxc6 Qxc6 26. Rb5 Ra8 27. Nd5 Qd7 28. Bxc5 Nxc5 29. Rb1 Qa7 30. Kf1 e6 31. Nb6 Rb8 32. Qxd6 Bf8 33. Qc6 Nd7 34. c5 Bxc5 35. Rd1 Qxb6 36. Qxd7 Bg1 37. Ke1 Qf2+ 38. Kd2 Rb2+ 39. Kc3 Qxe2 0-1

[Event "Hull CC-ch C"]
[Site "Gatineau CAN"]
[Date "2007.04.03"]
[Round "4"]
[White "Maisonneuve, Paul"]
[Black "Charland, Roger"]
[Result "1/2-1/2"]
[WhiteElo "1451"]
[BlackElo "1556"]
[PlyCount "98"]
[GameId "2160767910710011"]
[EventDate "2007.03.13"]
[EventType "swiss"]
[EventRounds "5"]
[EventCountry "CAN"]
[SourceTitle "EXT 2022"]
[Source "ChessBase"]
[SourceDate "2021.10.06"]
[SourceVersion "1"]
[SourceVersionDate "2021.10.06"]
[SourceQuality "1"]

1. d4 Nf6 2. Bf4 d6 3. e3 g6 4. Nf3 Bg7 5. h3 Ne4 6. Nbd2 Nxd2 7. Qxd2 O-O 8. Be2 Nc6 9. O-O e5 10. dxe5 dxe5 11. Qxd8 Rxd8 12. Bg5 e4 13. Bxd8 exf3 14. Bxf3 Nxd8 15. Rad1 Nc6 16. Bxc6 bxc6 17. Rd8+ Bf8 18. Rfd1 Kg7 19. R8d3 Bd6 20. c4 Bf5 21. R3d2 Re8 22. Rxd6 cxd6 23. Rxd6 Rb8 24. Rxc6 Rxb2 25. Ra6 Rc2 26. Ra4 Be6 27. Rxa7 Rxc4 28. a4 Rc1+ 29. Kh2 Ra1 30. Kg3 Bd5 31. f3 Ra3 32. Kf2 Kh6 33. e4 Be6 34. g3 Bb3 35. a5 Kg7 36. h4 Bd1 37. e5 Bxf3 38. e6 Bd5 39. e7 Ra2+ 40. Ke1 Bc6 41. Ra6 Bb5 42. Ra7 Re2+ 43. Kd1 Re4 44. Rb7 Re5 45. Rxb5 Rxe7 46. a6 Ra7 47. Ra5 h6 48. Ke2 Kf6 49. Ke3 Ke6 1/2-1/2

[Event "Hull CC-ch C"]
[Site "Gatineau CAN"]
[Date "2007.04.03"]
[Round "4"]
[White "Pilon, Robert"]
[Black "Scantland, Patrick"]
[Result "0-1"]
[WhiteElo "1520"]
[BlackElo "1722"]
[PlyCount "56"]
[GameId "2160767910710012"]
[EventDate "2007.03.13"]
[EventType "swiss"]
[EventRounds "5"]
[EventCountry "CAN"]
[SourceTitle "EXT 2022"]
[Source "ChessBase"]
[SourceDate "2021.10.06"]
[SourceVersion "1"]
[SourceVersionDate "2021.10.06"]
[SourceQuality "1"]

1. e4 c5 2. c3 d5 3. e5 e6 4. d4 Nc6 5. Nf3 Qb6 6. a3 Bd7 7. Bd3 cxd4 8. cxd4 Nxd4 9. Nxd4 Qxd4 10. Qe2 Qb6 11. O-O f5 12. Kh1 Ne7 13. b4 Ng6 14. Bb2 Be7 15. f4 Rc8 16. Nd2 O-O 17. Nb3 a6 18. Nd4 a5 19. b5 Bc5 20. Nb3 Be3 21. g3 d4 22. a4 Qa7 23. Ba3 Rfd8 24. Ra2 Rc3 25. Nd2 b6 26. Nc4 Qb7+ 27. Rf3 Rxd3 28. Nxe3 Rxe3 0-1

[Event "Hull CC-ch C"]
[Site "Gatineau CAN"]
[Date "2007.04.10"]
[Round "5"]
[White "Blouin, Francois"]
[Black "Pilon, Robert"]
[Result "1/2-1/2"]
[WhiteElo "1516"]
[BlackElo "1546"]
[PlyCount "64"]
[GameId "2160767910710016"]
[EventDate "2007.03.13"]
[EventType "swiss"]
[EventRounds "5"]
[EventCountry "CAN"]
[SourceTitle "EXT 2022"]
[Source "ChessBase"]
[SourceDate "2021.10.06"]
[SourceVersion "1"]
[SourceVersionDate "2021.10.06"]
[SourceQuality "1"]

1. e4 e6 2. d4 d5 3. e5 c5 4. c3 Nc6 5. Nf3 Qb6 6. a3 Bd7 7. b4 cxd4 8. cxd4 Nge7 9. Nc3 Nf5 10. Na4 Qc7 11. Nc5 b6 12. Nxd7 Qxd7 13. Bb2 a6 14. Bd3 Be7 15. Bxf5 exf5 16. O-O O-O 17. Rc1 Rfc8 18. Rc3 Nd8 19. Qd3 Rxc3 20. Bxc3 Rc8 21. h3 b5 22. Rc1 f4 23. Bd2 Ne6 24. Qf5 g6 25. Qd3 Rc6 26. Kf1 Qc7 27. Rxc6 Qxc6 28. Qc3 Qb7 29. Qc1 g5 30. Ke2 h6 31. Kd3 Qc7 32. Qxc7 Nxc7 1/2-1/2

[Event "Hull CC-ch C"]
[Site "Gatineau CAN"]
[Date "2007.04.10"]
[Round "5"]
[White "Charland, Roger"]
[Black "Baril Boudreau, Felix"]
[Result "0-1"]
[WhiteElo "1556"]
[BlackElo "1403"]
[PlyCount "60"]
[GameId "2160767910710017"]
[EventDate "2007.03.13"]
[EventType "swiss"]
[EventRounds "5"]
[EventCountry "CAN"]
[SourceTitle "EXT 2022"]
[Source "ChessBase"]
[SourceDate "2021.10.06"]
[SourceVersion "1"]
[SourceVersionDate "2021.10.06"]
[SourceQuality "1"]

1. e4 c5 2. Nf3 d6 3. d3 Nc6 4. g3 g6 5. Bg2 Bg7 6. O-O Bg4 7. c3 e6 8. Nbd2 Nge7 9. Re1 O-O 10. h3 Bxf3 11. Nxf3 a6 12. Be3 b5 13. Qd2 Re8 14. Bh6 Bh8 15. Ng5 Rb8 16. Nxf7 Kxf7 17. Qf4+ Bf6 18. Bg5 Ng8 19. Bxf6 Nxf6 20. Re3 Kg7 21. Rf3 Ne5 22. d4 Nxf3+ 23. Bxf3 e5 24. dxe5 dxe5 25. Qe3 c4 26. Rd1 Qb6 27. Qe2 Rbd8 28. Bg2 Rxd1+ 29. Qxd1 Rd8 30. Qe2 Rd3 0-1

[Event "Hull CC-ch C"]
[Site "Gatineau CAN"]
[Date "2007.04.10"]
[Round "5"]
[White "Chirokova, Elena"]
[Black "Dupont, Claude"]
[Result "0-1"]
[WhiteElo "1352"]
[BlackElo "1419"]
[PlyCount "75"]
[GameId "2160767910710018"]
[EventDate "2007.03.13"]
[EventType "swiss"]
[EventRounds "5"]
[EventCountry "CAN"]
[SourceTitle "EXT 2022"]
[Source "ChessBase"]
[SourceDate "2021.10.06"]
[SourceVersion "1"]
[SourceVersionDate "2021.10.06"]
[SourceQuality "1"]

1. e4 c5 2. Nc3 d6 3. Bc4 Nc6 4. Nf3 e6 5. d4 cxd4 6. Nxd4 a6 7. a4 Nf6 8. f3 Be7 9. O-O Bd7 10. Bg5 Qb6 11. Be3 Qxb2 12. Qd2 Qb4 13. Bb3 Nxd4 14. Bxd4 Rc8 15. Rab1 Qa5 16. Qe3 e5 17. Bxe5 dxe5 18. Kh1 Qxc3 19. Qb6 Qc7 20. Bxf7+ Kxf7 21. Qb3+ Be6 22. Qxb7 Qxb7 23. Rxb7 Rxc2 24. Ra7 Bc4 25. Rb1 Ra2 26. h3 Rxa4 27. Kh2 Re8 28. Kg3 Bb5 29. Rc1 Rd4 30. Rc5 Rd7 31. Rxd7 Nxd7 32. Rd5 h5 33. f4 exf4+ 34. Kxf4 g6 35. g4 hxg4 36. hxg4 Bf6 37. g5 Be5+ 38. Rxe5 0-1

[Event "Hull CC-ch C"]
[Site "Gatineau CAN"]
[Date "2007.04.10"]
[Round "5"]
[White "Kennedy, Phillip"]
[Black "Charette, Jean Sebastien"]
[Result "0-1"]
[WhiteElo "1291"]
[BlackElo "1477"]
[PlyCount "120"]
[GameId "2160767910710021"]
[EventDate "2007.03.13"]
[EventType "swiss"]
[EventRounds "5"]
[EventCountry "CAN"]

1. Nf3 e6 2. g3 d5 3. Bg2 Nf6 4. O-O c5 5. c4 Bd6 6. d3 Nc6 7. Nc3 h6 8. Re1 O-O 9. e4 Bc7 10. Nb5 Ba5 11. Bd2 a6 12. Bxa5 Nxa5 13. Na3 Qb6 14. b3 Rd8 15. Rb1 dxe4 16. Ne5 exd3 17. Nxd3 Bd7 18. Qc2 Nc6 19. Bxc6 Bxc6 20. Ne5 Rd4 21. Nxc6 Qxc6 22. Rbd1 Rad8 23. Rxd4 Rxd4 24. Rd1 Qf3 25. Rxd4 cxd4 26. Nb1 Ne4 27. b4 d3 28. Qb2 d2 29. Nxd2 Qe2 30. Qd4 Nxd2 31. Qa1 Qxc4 32. a3 Qb3 33. Kg2 Qf3+ 34. Kg1 Ne4 35. Qf1 Qxa3 36. Qc4 Ng5 37. Qc8+ Kh7 38. Qxb7 Qf3 39. Qxf3 Nxf3+ 40. Kf1 Nd4 41. f4 f5 42. h3 g5 43. Kf2 Kg6 44. Ke3 Nc2+ 45. Kd3 Nxb4+ 46. Kc4 Nd5 47. Kc5 gxf4 48. gxf4 Nxf4 49. Kb6 e5 50. Kxa6 e4 51. Kb5 e3 52. Kc4 e2 53. h4 e1=Q 54. h5+ Kxh5 55. Kd4 Qe4+ 56. Kc3 Qd3+ 57. Kb2 Ne2 58. Ka2 Nc1+ 59. Kb2 Qd2+ 60. Ka3 f4 0-1

[Event "Hull CC-ch C"]
[Site "Gatineau CAN"]
[Date "2007.04.10"]
[Round "5"]
[White "Levesque, Andre"]
[Black "Arsenault, Yves"]
[Result "0-1"]
[WhiteElo "1400"]
[BlackElo "1477"]
[PlyCount "124"]
[GameId "2160767910710022"]
[EventDate "2007.03.13"]
[EventType "swiss"]
[EventRounds "5"]
[EventCountry "CAN"]
[SourceTitle "EXT 2022"]
[Source "ChessBase"]
[SourceDate "2021.10.06"]
[SourceVersion "1"]
[SourceVersionDate "2021.10.06"]
[SourceQuality "1"]

1. e4 c5 2. Nc3 e5 3. f4 Nc6 4. Nf3 d6 5. Bc4 Bg4 6. Bxf7+ Kxf7 7. Ng5+ Qxg5 8. fxg5 Bxd1 9. Kxd1 Nge7 10. d3 Ng6 11. g3 Rc8 12. Be3 Be7 13. h4 Nf8 14. Kd2 Ne6 15. Nd5 Bd8 16. c3 b5 17. Raf1+ Ke8 18. Rf3 b4 19. Bf2 bxc3+ 20. bxc3 Rb8 21. Kc2 a5 22. Ne3 g6 23. Ng4 Rb7 24. Nf6+ Bxf6 25. Rxf6 Re7 26. Be3 Kd7 27. h5 gxh5 28. Rxh5 Rg8 29. Rhh6 Ncd8 30. Kb3 Nb7 31. Kc2 Nxg5 32. Rh5 Ne6 33. Bf2 a4 34. Rhf5 Nbd8 35. Kd2 Ng7 36. Rf3 Nh5 37. Rh6 Rg5 38. Rf5 Reg7 39. Rxh5 Rxh5 40. Rxh5 Ne6 41. Ke2 Ke7 42. Kf3 Ng5+ 43. Kg2 Ne6 44. Be3 Kf7 45. Kf3 Ke7 46. Rf5 Rg8 47. g4 Rf8 48. Bh6 Rf7 49. g5 a3 50. Kg4 Nf4 51. d4 Nd3 52. dxe5 dxe5 53. Rxf7+ Kxf7 54. Kf5 Nc1 55. Kxe5 Nxa2 56. c4 Nb4 57. Kd6 a2 58. e5 a1=Q 59. Bg7 Qd4+ 60. Kc7 Kxg7 61. e6 Qe5+ 62. Kd7 Kf8 0-1

[Event "Hull CC-ch C"]
[Site "Gatineau CAN"]
[Date "2007.04.10"]
[Round "5"]
[White "Maisonneuve, Paul"]
[Black "Iyamuremye, Gervais"]
[Result "1/2-1/2"]
[WhiteElo "1451"]
[BlackElo "1604"]
[PlyCount "105"]
[GameId "2160767910710023"]
[EventDate "2007.03.13"]
[EventType "swiss"]
[EventRounds "5"]
[EventCountry "CAN"]
[SourceTitle "EXT 2022"]
[Source "ChessBase"]
[SourceDate "2021.10.06"]
[SourceVersion "1"]
[SourceVersionDate "2021.10.06"]
[SourceQuality "1"]

1. d4 d5 2. Bf4 Nf6 3. e3 e6 4. Nf3 h6 5. Bd3 Bd6 6. Bxd6 Qxd6 7. c3 c5 8. Nbd2 c4 9. Bc2 Bd7 10. e4 dxe4 11. Nxe4 Nxe4 12. Bxe4 Bc6 13. Qe2 O-O 14. O-O Nd7 15. Bxc6 Qxc6 16. Rfe1 b5 17. Rad1 a6 18. h3 Nb6 19. Ne5 Qc7 20. Qf3 Nd5 21. Ng4 Nf4 22. Ne5 Nd5 23. Ng4 Rae8 24. Ne5 a5 25. a3 b4 26. axb4 axb4 27. Ra1 f6 28. Ng6 Rf7 29. Ra6 bxc3 30. bxc3 Qd7 31. Nf4 Nxf4 32. Qxf4 Qd5 33. Qe4 Rfe7 34. Qxd5 exd5 35. Rxe7 Rxe7 36. Rd6 Re1+ 37. Kh2 Rc1 38. Rxd5 Rxc3 39. Rc5 Rc2 40. Kg3 c3 41. Kf3 Kf7 42. Ke3 Ke6 43. g3 Rc1 44. Kd3 Rf1 45. Rxc3 Rxf2 46. Ke4 Rd2 47. Rc6+ Kd7 48. Ra6 f5+ 49. Kf4 Rd3 50. Kxf5 Rxg3 51. h4 Rh3 52. Ra7+ Kd6 53. Rxg7 1/2-1/2

[Event "Hull CC-ch C"]
[Site "Gatineau CAN"]
[Date "2007.04.10"]
[Round "5"]
[White "Sabourin, Yves"]
[Black "Rainey, Ivan"]
[Result "0-1"]
[WhiteElo "1261"]
[BlackElo "1211"]
[PlyCount "50"]
[GameId "2160767910710024"]
[EventDate "2007.03.13"]
[EventType "swiss"]
[EventRounds "5"]
[EventCountry "CAN"]
[SourceTitle "EXT 2022"]
[Source "ChessBase"]
[SourceDate "2021.10.06"]
[SourceVersion "1"]
[SourceVersionDate "2021.10.06"]
[SourceQuality "1"]

1. d4 d5 2. c4 c6 3. Nc3 Nf6 4. Bg5 dxc4 5. e3 b5 6. a4 b4 7. Na2 b3 8. Nc3 Nd5 9. Bxc4 Nxc3 10. bxc3 Qa5 11. Bxf7+ Kxf7 12. Qf3+ Ke8 13. Bf4 Qxc3+ 14. Ke2 Ba6+ 15. Kd1 Qxa1+ 16. Kd2 Qb2+ 17. Ke1 Qc3+ 18. Kd1 Qc2+ 19. Ke1 b2 20. Qh5+ g6 21. Qd1 Qxd1+ 22. Kxd1 b1=Q+ 23. Kd2 Qd3+ 24. Ke1 e6 25. Be5 Bb4# 0-1

[Event "Hull CC-ch C"]
[Site "Gatineau CAN"]
[Date "2007.04.10"]
[Round "5"]
[White "Scantland, Patrick"]
[Black "Lacourse, Guy"]
[Result "1-0"]
[WhiteElo "1722"]
[BlackElo "1618"]
[PlyCount "57"]
[GameId "2160767910710025"]
[EventDate "2007.03.13"]
[EventType "swiss"]
[EventRounds "5"]
[EventCountry "CAN"]
[SourceTitle "EXT 2022"]
[Source "ChessBase"]
[SourceDate "2021.10.06"]
[SourceVersion "1"]
[SourceVersionDate "2021.10.06"]
[SourceQuality "1"]

1. d4 Nf6 2. Nf3 b6 3. g3 Bb7 4. Bg2 e6 5. O-O Be7 6. c4 O-O 7. a3 Ne4 8. Nbd2 Nxd2 9. Bxd2 d5 10. cxd5 exd5 11. Rc1 Nd7 12. Bf4 Bd6 13. Bxd6 cxd6 14. Qa4 Nf6 15. Rc2 Re8 16. Rfc1 Re7 17. Bh3 a6 18. Nh4 g6 19. Nf3 Ne8 20. e3 Rc7 21. Ne1 Re7 22. Nd3 g5 23. Nb4 b5 24. Qb3 Nf6 25. Bg2 Kg7 26. Nxd5 Bxd5 27. Bxd5 Nxd5 28. Qxd5 Raa7 29. Qxg5+ 1-0

[Event "Hull CC-ch C"]
[Site "Gatineau CAN"]
[Date "2007.04.10"]
[Round "5"]
[White "Sunatori, Evelyne"]
[Black "Berthiaume, Serge"]
[Result "0-1"]
[WhiteElo "1103"]
[BlackElo "1193"]
[PlyCount "100"]
[GameId "2160767910710026"]
[EventDate "2007.03.13"]
[EventType "swiss"]
[EventRounds "5"]
[EventCountry "CAN"]
[SourceTitle "EXT 2022"]
[Source "ChessBase"]
[SourceDate "2021.10.06"]
[SourceVersion "1"]
[SourceVersionDate "2021.10.06"]
[SourceQuality "1"]

1. e4 e5 2. Nf3 Nc6 3. Bc4 h6 4. O-O Bc5 5. Nc3 Nf6 6. h3 d6 7. d3 Na5 8. Bb3 Nxb3 9. axb3 O-O 10. Na4 b6 11. Nxc5 dxc5 12. c3 Bb7 13. Qe2 Qd6 14. Be3 a5 15. Rfd1 Rfd8 16. d4 cxd4 17. cxd4 exd4 18. Rxd4 Qe6 19. Rxd8+ Rxd8 20. e5 Bxf3 21. Qxf3 Qxe5 22. Rd1 Rxd1+ 23. Qxd1 Qxb2 24. Qd8+ Kh7 25. Qxc7 Qxb3 26. Bxb6 a4 27. g4 a3 28. Bd4 Qd1+ 29. Kg2 Qxd4 30. Qxf7 Qd5+ 31. Qxd5 Nxd5 32. Kg3 a2 33. f4 a1=Q 34. g5 Qg1+ 35. Kf3 hxg5 36. fxg5 Qxg5 37. Ke4 Nf6+ 38. Kf3 Kh6 39. Kf2 Kh5 40. Ke2 Kh4 41. Ke1 Qg3+ 42. Kd1 Kxh3 43. Kd2 Kg4 44. Kc2 Kf4 45. Kd2 Qe3+ 46. Kc2 Ke4 47. Kb2 Kd4 48. Kb1 Qe2 49. Kc1 Kc3 50. Kb1 Qb2# 0-1

[Event "Jack Taylor mem"]
[Site "Victoria CAN"]
[Date "2007.11.26"]
[Round "1.1"]
[White "Mugford, Chris"]
[Black "Moore, Harry"]
[Result "0-1"]
[WhiteElo "1672"]
[BlackElo "2303"]
[PlyCount "34"]
[GameId "2160767910565969"]
[EventDate "2007.11.24"]
[EventType "swiss"]
[EventRounds "5"]
[EventCountry "CAN"]

1. Nf3 c5 2. c3 Nc6 3. d4 Nf6 4. Bg5 cxd4 5. Bxf6 gxf6 6. Nxd4 e5 7. Nxc6 bxc6 8. e3 d5 9. a3 Qb6 10. b4 a5 11. Nd2 axb4 12. cxb4 c5 13. bxc5 Bxc5 14. a4 Ke7 15. Bb5 Rg8 16. O-O Bh3 17. Nb3 Bxg2 0-1

[Event "Jack Taylor mem"]
[Site "Victoria CAN"]
[Date "2007.11.24"]
[Round "1.2"]
[White "Gansvind, Valeriya"]
[Black "Churchill, Sam"]
[Result "1-0"]
[WhiteElo "2302"]
[BlackElo "1670"]
[PlyCount "51"]
[GameId "2160767910565970"]
[EventDate "2007.11.24"]
[EventType "swiss"]
[EventRounds "5"]
[EventCountry "CAN"]

1. d4 Nf6 2. Bg5 c5 3. Nc3 Qb6 4. d5 d6 5. Qc1 Nbd7 6. Nf3 Qa5 7. Nd2 b5 8. e4 a6 9. Be2 g6 10. O-O Bg7 11. a4 b4 12. Nd1 Qc7 13. a5 b3 14. cxb3 Rb8 15. Nc3 O-O 16. h3 Qb7 17. Re1 Re8 18. Ra3 Nf8 19. Nc4 N8d7 20. Bf4 Qc7 21. Qd2 Ne5 22. Bxe5 dxe5 23. d6 exd6 24. Qxd6 Qa7 25. Nb6 Bb7 26. Bc4 1-0

[Event "Jack Taylor mem"]
[Site "Victoria CAN"]
[Date "2007.11.24"]
[Round "1.3"]
[White "Paulson, Stewart"]
[Black "Wu, Howard"]
[Result "0-1"]
[WhiteElo "1606"]
[BlackElo "2257"]
[PlyCount "76"]
[GameId "2160767910565971"]
[EventDate "2007.11.24"]
[EventType "swiss"]
[EventRounds "5"]
[EventCountry "CAN"]

1. d4 Nf6 2. Nf3 c5 3. c3 g6 4. Bg5 Bg7 5. e3 Qb6 6. Qc2 O-O 7. Nbd2 d5 8. Qb3 Qxb3 9. axb3 cxd4 10. exd4 Bf5 11. b4 h6 12. Bh4 Nbd7 13. b5 Rfe8 14. Bg3 Nh5 15. O-O-O Nxg3 16. fxg3 Rac8 17. Nb3 h5 18. Bd3 Bxd3 19. Rxd3 Nf6 20. Na5 Ne4 21. Rf1 b6 22. Nc6 a6 23. Nce5 axb5 24. Nd7 Ra8 25. Kc2 Red8 26. Nde5 Nd6 27. Nc6 Re8 28. Nfe5 Rac8 29. Nb4 e6 30. Rdf3 Nf5 31. Ra1 Nxd4+ 32. Kd3 Nxf3 33. Nxf3 e5 34. Nh4 d4 35. cxd4 exd4 36. Nd5 Rcd8 37. Nc7 Re3+ 38. Kd2 Bh6 0-1

[Event "Jack Taylor mem"]
[Site "Victoria CAN"]
[Date "2007.11.24"]
[Round "1.4"]
[White "Patterson, Roger"]
[Black "Bates, Darren"]
[Result "1-0"]
[WhiteElo "2230"]
[BlackElo "1603"]
[PlyCount "39"]
[GameId "2160767910565972"]
[EventDate "2007.11.24"]
[EventType "swiss"]
[EventRounds "5"]
[EventCountry "CAN"]

1. e4 e5 2. Nf3 Nc6 3. Bb5 a6 4. Ba4 Nf6 5. O-O b5 6. Bb3 Be7 7. Re1 d6 8. c3 Bg4 9. d3 O-O 10. Nbd2 Qd7 11. Nf1 Bxf3 12. Qxf3 Qg4 13. Qe3 Rfe8 14. Ng3 Qd7 15. Nf5 Bf8 16. Qg3 Kh8 17. Bg5 Rad8 18. Bxf6 gxf6 19. Qh4 Bg7 20. Re3 1-0

[Event "Jack Taylor mem"]
[Site "Victoria CAN"]
[Date "2007.11.24"]
[Round "1.5"]
[White "Renaud, Joshua"]
[Black "Leblanc, Paul"]
[Result "0-1"]
[WhiteElo "1334"]
[BlackElo "1955"]
[PlyCount "68"]
[GameId "2160767910565973"]
[EventDate "2007.11.24"]
[EventType "swiss"]
[EventRounds "5"]
[EventCountry "CAN"]

1. e4 c6 2. d4 d5 3. Nc3 dxe4 4. Nxe4 Nf6 5. Nxf6+ gxf6 6. Nf3 Bf5 7. Bf4 Qb6 8. b3 Nd7 9. g3 O-O-O 10. Bg2 e5 11. Be3 Bb4+ 12. Kf1 Bc3 13. Rc1 Qa6+ 14. Kg1 Nb6 15. Bf1 Qxa2 16. Bd3 Bg4 17. h3 Bh5 18. Bf5+ Kb8 19. g4 Bg6 20. Bxg6 hxg6 21. Qd3 exd4 22. Nxd4 Qb2 23. Rd1 Nd5 24. Kg2 Qa3 25. Qc4 Qe7 26. Qd3 Rhe8 27. Bd2 Bxd2 28. Qxd2 Qe4+ 29. f3 Ne3+ 30. Kg3 Qe5+ 31. f4 Qd6 32. Qc3 Nxd1 33. Rxd1 c5 34. Nb5 Qxd1 0-1

[Event "Jack Taylor mem"]
[Site "Victoria CAN"]
[Date "2007.11.24"]
[Round "1.6"]
[White "Tate, William"]
[Black "Rustam, Braden"]
[Result "1-0"]
[WhiteElo "1826"]
[BlackElo "1301"]
[PlyCount "47"]
[GameId "2160767910565974"]
[EventDate "2007.11.24"]
[EventType "swiss"]
[EventRounds "5"]
[EventCountry "CAN"]

1. e4 e6 2. d4 d5 3. e5 c5 4. c3 Nc6 5. f4 Qb6 6. Nf3 Bd7 7. Be2 O-O-O 8. O-O Kb8 9. Kh1 g6 10. a4 c4 11. Na3 a6 12. Bxc4 dxc4 13. Nxc4 Qc7 14. a5 Na7 15. Nb6 Nc8 16. Qb3 Nxb6 17. axb6 Qc6 18. Ra5 h6 19. c4 Rc8 20. Nd2 h5 21. Rf3 Nh6 22. Rc3 Nf5 23. d5 exd5 24. cxd5 1-0

[Event "Jack Taylor mem"]
[Site "Victoria CAN"]
[Date "2007.11.24"]
[Round "1.7"]
[White "Vojakine, Andrei"]
[Black "Boyle, Phillip"]
[Result "0-1"]
[WhiteElo "1161"]
[BlackElo "1683"]
[PlyCount "58"]
[GameId "2160767910565975"]
[EventDate "2007.11.24"]
[EventType "swiss"]
[EventRounds "5"]
[EventCountry "CAN"]

1. d4 Nf6 2. c4 g6 3. Nc3 Bg7 4. Nf3 O-O 5. e4 d6 6. Be2 e5 7. d5 Nbd7 8. Be3 Ng4 9. Qd2 Nxe3 10. Qxe3 f5 11. Ng5 f4 12. Qh3 Qxg5 13. Bg4 Nc5 14. f3 Bxg4 15. Qxg4 Qxg4 16. fxg4 Nd3+ 17. Ke2 Nc5 18. Kf3 a6 19. b3 Rab8 20. h4 b5 21. h5 bxc4 22. bxc4 Rb2 23. Nd1 Rb4 24. Rc1 g5 25. h6 Bf6 26. Rh5 Ra4 27. Rc2 Ra3+ 28. Ke2 Nxe4 29. Rb2 Ng3+ 0-1

[Event "Jack Taylor mem"]
[Site "Victoria CAN"]
[Date "2007.11.24"]
[Round "2.1"]
[White "Moore, Harry"]
[Black "Patterson, Roger"]
[Result "0-1"]
[WhiteElo "2303"]
[BlackElo "2230"]
[PlyCount "84"]
[GameId "2160767910565977"]
[EventDate "2007.11.24"]
[EventType "swiss"]
[EventRounds "5"]
[EventCountry "CAN"]

1. e4 c5 2. Nf3 d6 3. Bb5+ Bd7 4. Bxd7+ Qxd7 5. O-O Nf6 6. e5 dxe5 7. Nxe5 Qc8 8. b4 cxb4 9. a3 Nc6 10. Nxc6 Qxc6 11. axb4 e6 12. c3 Be7 13. Qa4 Qxa4 14. Rxa4 O-O 15. d4 Nd5 16. Bd2 a6 17. Ra2 Rac8 18. f4 Bf6 19. Rf3 Rc6 20. Kf1 Rfc8 21. Ke2 b5 22. Kd3 g6 23. g4 Bg7 24. Rf1 f5 25. g5 Kf7 26. Be1 h5 27. gxh6 Bxh6 28. Raf2 g5 29. fxg5 Bxg5 30. Rxf5+ exf5 31. Rxf5+ Kg6 32. Rxd5 Rh8 33. Bg3 Re6 34. Rd7 Re3+ 35. Kc2 Re2+ 36. Kd3 Re3+ 37. Kc2 Re2+ 38. Kd1 Rb2 39. Rd6+ Kf5 40. Rd5+ Kg4 41. Na3 Bf4 42. Be1 Rhxh2 0-1

[Event "Jack Taylor mem"]
[Site "Victoria CAN"]
[Date "2007.11.24"]
[Round "2.2"]
[White "Tate, William"]
[Black "Gansvind, Valeriya"]
[Result "0-1"]
[WhiteElo "1826"]
[BlackElo "2302"]
[PlyCount "72"]
[GameId "2160767910565978"]
[EventDate "2007.11.24"]
[EventType "swiss"]
[EventRounds "5"]
[EventCountry "CAN"]

1. e4 c5 2. Nf3 e6 3. d4 cxd4 4. Nxd4 a6 5. Nc3 Qc7 6. Be2 Nf6 7. Be3 Bb4 8. f3 d5 9. O-O Bxc3 10. bxc3 dxe4 11. fxe4 Qxc3 12. Bg5 Nbd7 13. Rf3 Qa5 14. Be3 Nxe4 15. Bd3 Ndf6 16. Nb3 Qc7 17. Rf4 Nd6 18. c4 e5 19. Rxf6 gxf6 20. c5 Nf5 21. Bf2 Ng7 22. Nd2 Be6 23. Ne4 f5 24. Nd6+ Kf8 25. Qd2 h5 26. Rb1 Rb8 27. Qe3 f6 28. Bh4 f4 29. Qf2 Rh6 30. Qc2 Ne8 31. Rb6 Nxd6 32. Rxd6 Kf7 33. Bc4 Qxc5+ 34. Bf2 Qxd6 35. Bxe6+ Kxe6 36. Qc4+ Qd5 0-1

[Event "Jack Taylor mem"]
[Site "Victoria CAN"]
[Date "2007.11.24"]
[Round "2.3"]
[White "Wu, Howard"]
[Black "Boyle, Phillip"]
[Result "1-0"]
[WhiteElo "2257"]
[BlackElo "1683"]
[PlyCount "58"]
[GameId "2160767910565979"]
[EventDate "2007.11.24"]
[EventType "swiss"]
[EventRounds "5"]
[EventCountry "CAN"]

1. d4 Nf6 2. Nf3 g6 3. c4 Bg7 4. Nc3 O-O 5. e4 d6 6. Be2 e5 7. O-O Nc6 8. d5 Ne7 9. Ne1 Nd7 10. Be3 f5 11. f3 f4 12. Bf2 a6 13. Nd3 g5 14. c5 Nf6 15. cxd6 cxd6 16. Na4 Nd7 17. Qb3 b5 18. Nc3 Rf6 19. a4 bxa4 20. Nxa4 Rb8 21. Qc4 Rh6 22. Nb4 Qe8 23. Nc6 Ra8 24. Nxe7+ Qxe7 25. Qc6 Rb8 26. Ba7 Bb7 27. Qc7 Qd8 28. Bxb8 Qxb8 29. Qxb8+ Nxb8 1-0

[Event "Jack Taylor mem"]
[Site "Victoria CAN"]
[Date "2007.11.24"]
[Round "2.4"]
[White "Ozkan, Charlie"]
[Black "Renaud, Joshua"]
[Result "1-0"]
[WhiteElo "1927"]
[BlackElo "1334"]
[PlyCount "36"]
[GameId "2160767910565980"]
[EventDate "2007.11.24"]
[EventType "swiss"]
[EventRounds "5"]
[EventCountry "CAN"]

1. Nf3 e6 2. d4 Nf6 3. c4 c5 4. g3 d5 5. Bg2 Nc6 6. cxd5 Nxd5 7. O-O Be7 8. Nc3 Nxc3 9. bxc3 cxd4 10. cxd4 O-O 11. Rb1 Rb8 12. Bf4 Bd6 13. Ne5 Nxe5 14. Bxe5 Bxe5 15. dxe5 b6 16. Qd6 Bb7 17. Rbd1 Bxg2 18. Kxg2 Qc8 1-0